000
00306nam a22001337a 4500
008
170606b xxu||||| |||| 00| 0 eng d
020
_a
9780813118895
041
_a
eng
080
_a
32
100
_a
18
101
_a
SHP
245
_a
THE GREAT POWERS AND GLOBAL STRUGGLE
_c
RASLER, K.A
942
_2
udc
_c
BK
999
_c
16154
_d
16154